000 00532nam a2200193Ia 4500
003 GCL
008 140319s9999 xx 000 0 ara d
040 _aGCL /
_cGCL
082 0 4 _a811.3
_bح ق
100 1 _aحسين نصار
245 1 0 _aقيس ولبنى: شعر ودراسة /
_cحسين نصار
260 _a[S.N] :
_bمكتبة مصر ،
_c1979
300 _a187 ص
490 _a
650 0 4 _aالشعر العربى
650 0 4 _aالادب العربى
650 0 4 _aدواوين وقصائد
942 _2ddc
_cBK
999 _c34636
_d34636